| 000 | 00602nam a2200193 i 4500 | ||
|---|---|---|---|
| 001 | 82658 | ||
| 003 | ES-MaACL | ||
| 005 | 20260217063012.0 | ||
| 007 | t| | ||
| 008 | 041111s1977 sp ||||1| spa d | ||
| 100 | 0 |
_aIniesta, Alberto, _cObispo Auxiliar de Madrid _965310 |
|
| 245 | 1 | 0 |
_aPapeles prohibidos / _cMonseñor Iniesta ; introducción, Antonio Aradillas. |
| 250 | _a[1ª ed.]. | ||
| 260 |
_a[Madrid] : _bSedmay, _c[1977] |
||
| 300 |
_a216 p., 1 lám. ; _c21 cm. |
||
| 700 | 1 |
_aAradillas, Antonio, _d1928- _922156 |
|
| 852 |
_aES-MaACL _jA-6766 _bR.95952 |
||
| 999 |
_c82658 _d82658 |
||